000 00918nam a2200289Ia 4500
005 20220316235733.0
008 121119s2002 ck gr 000 f spa
020 _a9581401296
041 0 _aspa
100 1 _aMejía Vallejo, Manuel
_d1923-1998
245 1 3 _aEl dia señalado
_bManuel Mejía Vallejo
250 _aNovena edición
300 _a242 páginas
_c20 cm
490 _aSelección cultura colombiana
586 _aPremio Eugenio Nadal 1963
650 1 4 _aNovela colombiana
_ySiglo XX
_2LEMB
650 1 4 _aViolencia en la literatura
_2LEMB
650 1 4 _aLiteratura colombiana
_ySiglo XX
_2LEMB
650 1 4 _aPeleas de gallos en la literatura
_2LEMB
942 _2loc
_cBKLIT
264 _aBogotá
_bPlaza & Janes
_c2002
336 _atexto
_btxt
_2rdacontent
337 _asin mediación
_bn
_2rdamedia
338 _avolumen
_bnc
_2rdacarrier
040 _aCO-BoRNBP
_bspa
_erda
_cCO-BoRNBP
084 _aN MEJ4
999 _c1997
_d1997